| 000 | 01125nam0a2200313 4500 | ||
|---|---|---|---|
| 001 | RU\NLR\BIBL_A\011504695 | ||
| 005 | 20250626081423.0 | ||
| 035 | _a(NLR Aleph) 011504695 | ||
| 090 |
_a12013453 _c12013453 |
||
| 100 | _a20171023d1929 |||y0rusy50 ca | ||
| 101 | 0 | _ache | |
| 102 | _aRU | ||
| 105 | _ay z 000ay | ||
| 135 | _acrgn 008anaba | ||
| 200 | 1 |
_aЦIерин арц _eповесть _fС. Бадуев |
|
| 210 |
_aСоьлж-ГIала _cСерло _d1929 |
||
| 215 |
_a31,[1] с _d18 |
||
| 300 | _aЛатин. графика | ||
| 325 | _aКопия доступна в Электрон. б-ке РНБ | ||
| 541 | 1 |
_aОгненная гора _zrus |
|
| 686 | 1 | _aШ6(2=Че)7-4 | |
| 700 | 1 |
_aБадуев _bС.С. _f1904-1943 _gСаид Сулейманович _4070 |
|
| 852 |
_aNLR _bОНЛ _jЧеч./2-226 |
||
| 942 | _cBOOK | ||
| 980 | _aNB | ||
| 981 | 2 | 3 |
_a(23) Национальные литературы _b(23) Книги на национальных языках |